000 00333nam a2200133Ia 4500
005 20251222140027.0
008 251222s1900||||xx |||||||||||||| ||spa||
020 _a9788527713573
082 _a174.957/P29
100 _aPaula Ramos, Dalton Luiz de
245 0 _aBioética & Ética Profisional
264 _bGuana Koogan
942 _cLIB
999 _c2820
_d2820